000
00252pam a2200121 a 4500
020
_c
041
_h
100
_a
R. K. Luna,
_e
Author.
245
_a
The Big Grain Drain
_h
Textual Documents
260
_a
[s.l]:
_b
Na
300
_a
375.
930
_a
2330
999
_c
248181
_d
248181